Consultora̕ empresarial

Bibliographic Details
Main Author: Ramr̕ez de Lp̤ez, Silvia
Format: eBook
Language:Spanish
Published: Bogot:̀ Ediciones de la U, 2018
Subjects:
Online Access:Acceso restringido

MARC

LEADER 00000nam a22000007a 4500
005 20181222153028.0
007 cr|||| ||||
008 181222s2018 co |||||s|||| 00||0 spa d
020 |a 978-958-762-809-8 
035 |a 22609 
040 |a vLex 
090 |c 8367  |d 8367 
100 1 |a Ramr̕ez de Lp̤ez, Silvia 
245 1 0 |a Consultora̕ empresarial  |h [Recurso electrn̤ico] /  |c Silvia Ramr̕ez de Lp̤ez, Miryam Cristina Hurtado Restrepo 
256 |a Servicio en ln̕ea 
260 |a Bogot:̀  |b Ediciones de la U,  |c 2018 
300 |a 1 recurso electrn̤ico 
506 1 |a Disponible solo en los productos indicados  |d vLex Global  |d vLex Global (Academic Edition, excluding Law Schools)  |d vLex Global (U.S. Academic Edition, Law Schools)  |d vLex Global (U.S. Academic Edition, excluding Law Schools)  |d vLex Global (Academic Edition, Law Schools) 
650 0 4 |a Economa̕ y negocios  |z Colombia 
740 0 |a vLex Libros (Servicio en ln̕ea) 
856 4 0 |u http://vlex.com/source/consultoria-empresarial-22609  |z Acceso restringido 
942 |c BOOK 
999 0 |a Economy and business